History Quiz

Random History or State Quiz
Score 0/10 Timer 03:00
1 Play Today
President Secretary of State % Correct
Barack ObamaHillary Rodham Clinton
94%
George W. BushCondoleezza Rice
85.6%
Barack ObamaJohn Kerry
83.6%
George W. BushColin Powell
79.4%
Richard Nixon and Gerald FordHenry Kissinger
73.1%
Donald TrumpRex Tillerson
63%
Bill ClintonMadeleine Albright
61.6%
Donald TrumpMike Pompeo
59.1%
George H.W. BushJames Baker
30.5%
Ronald ReaganGeorge P. Shultz
13.4%
Come Together.
Have Fun.
All Virtual.
We all need to come together. Play Sporcle's virtual live trivia to have fun, connect with people, and get your trivia on. Join a live hosted trivia game for your favorite pub trivia experience done virtually. If a virtual private party is more your thing, go here for details.

You're not logged in!

Compare scores with friends on all Sporcle quizzes.
OR
Log In

Sporcle TV

Today on Sporcle TV


Watch our educational content, quiz creation guides, and fun videos on Sporcle TV.

Show Comments

Extras

Top Quizzes Today


Score Distribution

Paid Content

Your Account Isn't Verified!

In order to create a playlist on Sporcle, you need to verify the email address you used during registration. Go to your Sporcle Settings to finish the process.

Report this User

Report this user for behavior that violates our Community Guidelines.

Details: